000
00248nam a2200109Ia 4500
008
190216s9999||||xx |||||||||||||| ||und||
100
_a
Narayana Panicker R
245
0
_a
Kusuma
260
_b
Macmillan India Ltd
650
_a
Kavithkal
942
_c
BK
999
_c
24100
_d
24100